00346nam a2200133 a 45000010010000000030011000100080041000210350026000620820014000881000022001022450027001242600041001516500020001920000-8849ELIB.Books110520 1973  a(ELIB.Books)0000-8995 a100 bHud aHudson, R. Lofton aTil Divorce Do Us Part bNashville: Thomas Nelson Inc. c1973 aSocial Theology